000 01396cam a22004334a 4500
001 48510
005 20230410103649.0
008 070709s2007 it b 000 0 ita d
010 _a 2007420174
035 _a(OCoLC)ocn145723709
040 _aItFiC
_cC3L
_dDLC
020 _a9788815118974
020 _a8815118977
029 1 _aC3L
_b07577389
035 _a(OCoLC)145723709
042 _alccopycat
043 _ae------
045 _ax4x-
050 1 4 _a300 JN 30
_bE89 2007
082 0 0 _a327
_221
049 _aGRAL
245 0 2 _aL'Europa di carta :
_bstampa e opinione pubblica in Europa nel 2006 /
_ca cura di Paolo Pombeni.
260 _aBologna :
_bIl Mulino,
_c2007.
300 _a274 p. ;
_c22 cm.
490 1 _aPercorsi
504 _aIncludes bibliographical references.
651 0 _aEuropean Union countries
_xPublic opinion.
650 0 _aPublic opinion
_xEuropean Union countries.
651 0 _aEuropean Union
_xPress coverage.
650 0 _aPress and politics
_zEuropean Union countries.
651 0 _aEuropean Union countries
_xPolitics and government
_y21st century.
700 1 _aPombeni, Paolo.
830 0 _aPercorsi (Bologna, Italy)
856 4 1 _3Table of contents
_uhttp://www.loc.gov/catdir/toc/casalini06/07577389.pdf
938 _aCasalini Libri
_bCASA
_n07577389
_c21.00 EUR
942 _2lcc
_cbk
994 _aC0
_bDRFGD
946 _acsexposito
999 _c23496
_d23496